[Event "Cup North Sea (open)"]
[Site "masterchessopen.com Esbjerg (Denmark)"]
[Date "2005.07.02"]
[Round "1"]
[White "Petersen Martin Reib (DEN)"]
[Black "Solleveld Maarten (NED)"]
[Result "0-1"]
[WhiteElo "1957"]
[BlackElo "2463"]

1.d4 Nf6 2.c4 g6 3.Nc3 Bg7 4.e4 d6 5.f3 O-O 6.Be3 e5 7.Nge2 c6 8.Qd2 Nbd7 9.d5
cxd5 10.Nxd5 Nxd5 11.cxd5 f5 12.Nc3 Nf6 13.Be2 Nh5 14.O-O Nf4 15.Rab1 a6 16.b4
Bd7 17.b5 Qa5 18.Bd3 Rac8 19.Rb3 Nxd3 20.Qxd3 fxe4 21.fxe4 Rxf1+ 22.Kxf1 Rf8+
23.Kg1 Bxb5 24.Qb1 Rf7 25.Nxb5 axb5 26.Rxb5 Qc3 27.Rb3 Qc8 28.h3 Bf8 29.Bd2
Qc4 30.Qd3 Qa4 31.Qb1 Qa6 32.Rb5 Qa7+ 33.Rb6 Qa4 34.Rb4 Qa6 35.Rb5 Rc7 36.Qb3
Qa8 37.Ba5 Rc1+ 38.Kh2 Bh6 39.Rxb7 Qxa5 40.Rb8+ Kg7 41.Qb7+ Rc7 42.Qb2 Qe1
43.Rb7 Bf4+ 44.g3 Qxg3+ 45.Kh1 Qxh3+ 46.Kg1 Be3+ {#R} 0-1

[Event "Ch World (juniors) (under 14) (g)"]
[Site "masterchessopen.com Belfort (France)"]
[Date "2005.07.23"]
[Round "5"]
[White "Winkelmann Elena (GER)"]
[Black "Bodnaruk Anastasia (RUS)"]
[Result "0-1"]
[WhiteElo "2037"]
[BlackElo "2182"]

1.d4 Nf6 2.c4 g6 3.Nc3 Bg7 4.e4 d6 5.f3 O-O 6.Be3 e5 7.Nge2 c6 8.Qd2 Nbd7 9.d5
cxd5 10.cxd5 a6 11.g4 b5 12.Ng3 Nc5 13.h4 h5 14.gxh5 Nxh5 15.Nxh5 gxh5 16.b4
Na4 17.Nxa4 bxa4 18.Bd3 f5 19.Bg5 Qe8 20.Rg1 Kh7 21.Rc1 f4 22.Rc7 Rf7 23.Qc3
Bd7 24.Kd2 Qb8 25.Be2 Qb6 26.Rc1 Bh6 27.Bxh6 Kxh6 28.a3 Rg8 29.Qd3 Bb5 30.R7c6
Qf2 31.R1c4 Rg1 32.Kc2 Qe1 33.Bd1 Bxc4 34.Rxc4 Rfg7 35.Rc6 R7g2+ 36.Kc1 Qe3+
{#R} 0-1

[Event "It (open)"]
[Site "masterchessopen.com Avoine (France)"]
[Date "2005.07.29"]
[Round "7"]
[White "Vernois Adrien (FRA)"]
[Black "Dureau Laurent (FRA)"]
[Result "1-0"]
[WhiteElo "2121"]
[BlackElo "1896"]

1.d4 Nf6 2.c4 g6 3.Nc3 Bg7 4.e4 d6 5.Nge2 O-O 6.f3 e5 7.Be3 c6 8.Qd2 Nbd7 9.d5
cxd5 10.cxd5 a6 11.g4 h5 12.gxh5 Nxh5 13.Ng3 Qh4 14.Bg5 Bh6 15.Bxh4 Bxd2+
16.Kxd2 Nf4 17.Be7 Re8 18.Bxd6 Nf6 19.Nce2 Nxe2 20.Bxe2 Nh7 21.Rhg1 Bh3
22.Rac1 Rad8 23.Bc7 Rd7 24.Bf1 Bxf1 25.Rgxf1 {#r} 1-0

[Event "Tournament \"]
[Site "masterchessopen.com Internet"]
[Date "2005.08.27"]
[Round "4"]
[White "Rodshtein Maxim (ISR)"]
[Black "Popovic Dusan (SRB)"]
[Result "1-0"]
[WhiteElo "2457"]
[BlackElo "2480"]

1.d4 Nf6 2.c4 g6 3.Nc3 Bg7 4.e4 O-O 5.f3 d6 6.Nge2 c6 7.Be3 e5 8.Qd2 Nbd7 9.d5
cxd5 10.cxd5 a6 11.g4 h5 12.g5 Nh7 13.Rg1 f6 14.gxf6 Rxf6 15.O-O-O Qe8 16.Bg2
b5 17.b3 Rb8 18.Kb1 Nc5 19.Rc1 Bd7 20.Nd1 Rc8 21.Nb2 Qe7 22.Rc2 Rff8 23.Qa5 g5
24.Rgc1 g4 25.fxg4 Bxg4 26.Nc3 Ng5 27.b4 Na4 28.Nbxa4 bxa4 29.Qxa6 Nf3 30.Bxf3
Rxf3 31.Bd2 Rf2 32.b5 Rb8 33.b6 Bc8 34.Qa5 Qb7 35.Nxa4 Ra8 36.Qxa8 {#r} 1-0

[Event "Ch SCG (team) (First League)"]
[Site "masterchessopen.com Vrnjacka Banja (Serbia)"]
[Date "2005.10.25"]
[Round "9"]
[White "Jeremic Veljko (SRB)"]
[Black "Cabrilo Goran (SRB)"]
[Result "1-0"]
[WhiteElo "2525"]
[BlackElo "2461"]

1.d4 Nf6 2.c4 g6 3.Nc3 Bg7 4.e4 d6 5.f3 O-O 6.Be3 e5 7.Nge2 c6 8.Qd2 Nbd7 9.d5
cxd5 10.cxd5 a6 11.g4 h5 12.g5 Nh7 13.Rg1 Nb6 14.Nc1 Bd7 15.b3 Nc8 16.Nd3 Ne7
17.O-O-O b5 18.Kb1 Qb8 19.Rc1 Qb7 20.Be2 Rac8 21.Nd1 f6 22.gxf6 Nxf6 23.N1b2
Kh7 24.Rxc8 Rxc8 25.Rc1 Nexd5 26.exd5 Nxd5 27.Rxc8 Qxc8 28.Nd1 Bf5 29.Bg5 e4
30.fxe4 Bxe4 31.h4 b4 32.Qc1 Qf5 33.Qc4 Qe5 34.Kc2 a5 35.Kd2 Qf5 36.N3f2 Nc3
37.Nxe4 Nxe4+ 38.Ke1 Nxg5 39.hxg5 Qxg5 40.Bf3 Kh6 41.Ke2 Qe5+ 42.Ne3 Bf6
43.Qe4 Qb2+ 44.Qc2 Qe5 45.Be4 Bg5 46.Nd5 Qh2+ 47.Kd3 Qxc2+ 48.Kxc2 Bd8 49.Nf4
g5 50.Ne6 Bb6 51.Kd3 g4 52.Bf5 d5 53.Ke2 Ba7 54.Kf1 Bb8 55.Kf2 Ba7+ 56.Kg2 Bb8
57.Kf2 Ba7+ 58.Ke2 Bb6 59.Nf4 Kg5 60.Nxd5 Ba7 61.Bd7 Bc5 62.Kd3 Bf2 63.Ke4 Bc5
64.Nf4 Bd6 65.Ne6+ Kf6 66.Nd4 Kg5 67.Nf5 Bc7 68.Ng7 Bb8 69.Ne6+ Kf6 70.Nd4 Kg5
71.Nc6 Bc7 72.Ne5 Kf6 73.Nd3 Kg5 74.Kd5 Bg3 75.Ke4 Bc7 76.Kd5 Bg3 77.Kc5 Bc7
78.Kc6 Bg3 79.Kb6 h4 80.Kxa5 h3 81.Kxb4 Kh4 82.Kc4 Bc7 83.Nf2 h2 84.Bc6 Bb6
85.Nxg4 Kxg4 86.Kb5 Bf2 87.Bh1 Kf5 88.b4 Ke5 89.a4 Be1 90.Kc5 Ke6 91.b5 Kd7
92.b6 {#r} 1-0

[Event "Ch Region (1/2 final)"]
[Site "masterchessopen.com Tula (Russia)"]
[Round "1"]
[White "Drizgalovich Mikhail (RUS)"]
[Black "Tkachev Grigory (RUS)"]
[Result "1-0"]
[WhiteElo "2248"]
[BlackElo "1946"]

1.d4 Nf6 2.c4 g6 3.Nc3 Bg7 4.e4 d6 5.f3 O-O 6.Be3 e5 7.Nge2 c6 8.Qd2 Nbd7 9.d5
cxd5 10.cxd5 a6 11.g3 Nb6 12.b3 Bd7 13.Bg2 Rc8 14.O-O Nh5 15.Rac1 f5 16.f4 Na8
17.Kh1 Qe7 18.exf5 Bxf5 19.fxe5 Bxe5 20.Bg5 Qd7 21.Nf4 Nxf4 22.Bxf4 Bxf4
23.Rxf4 Rce8 24.Ne2 Qe7 25.Nd4 Bd7 26.Rxf8+ Qxf8 27.Ne6 Qe7 28.h4 Rc8 29.Re1
Re8 30.Qb4 b5 31.Kh2 Nc7 32.Qa5 Bxe6 33.dxe6 d5 34.Rc1 Nxe6 35.Qxa6 Qd7 36.Rc6
Nc7 37.Qb6 Re7 38.Rd6 Qf5 39.Qc5 Rd7 40.Bh3 {#r} 1-0

[Event "It (open)"]
[Site "masterchessopen.com Poznan (Poland)"]
[Date "2006.07.26"]
[Round "5"]
[White "Rawicz Karol (POL)"]
[Black "Jurkiewicz Krzysztof (POL)"]
[Result "1-0"]
[WhiteElo "2100"]
[BlackElo "2147"]

1.d4 Nf6 2.c4 g6 3.Nc3 Bg7 4.e4 d6 5.f3 O-O 6.Be3 e5 7.Nge2 c6 8.Qd2 Nbd7 9.d5
cxd5 10.cxd5 Ne8 11.g4 f5 12.gxf5 gxf5 13.exf5 Nc5 14.Ng3 Bxf5 15.Nxf5 Rxf5
16.O-O-O Qh4 17.Rg1 Rc8 18.Rg3 Rf7 19.Bh3 Rcc7 20.Bxc5 Rxc5 21.Be6 Kf8 22.Rh3
Qf6 23.Bxf7 Kxf7 24.Qd3 Qf4+ 25.Kb1 Nf6 26.Ne4 Rxd5 27.Qb3 Ke6 28.Rg3 Bh6
29.Nxf6 Kxf6 30.Qxd5 {#r} 1-0

[Event "It (open)"]
[Site "masterchessopen.com Galapagar (Spain)"]
[Date "2007.07.23"]
[Round "3"]
[White "Valbuena Mota Alejandro (ESP)"]
[Black "Candela Perez Jose (ESP)"]
[Result "0-1"]
[WhiteElo "2129"]
[BlackElo "2407"]

1.d4 Nf6 2.c4 g6 3.Nc3 Bg7 4.e4 d6 5.f3 O-O 6.Be3 e5 7.Nge2 c6 8.Qd2 Nbd7 9.d5
cxd5 10.cxd5 a6 11.Nc1 Nh5 12.g4 Nf4 13.Nd3 f5 14.gxf5 gxf5 15.O-O-O Ng6 16.h4
Nb6 17.Bg5 Bf6 18.exf5 Bxf5 19.Nf2 Rc8 20.Ne4 Bxe4 21.fxe4 Bxg5 22.hxg5 Na4
23.Bh3 Rc7 24.Be6+ Kh8 25.Kb1 Nxc3+ 26.bxc3 Rf4 27.Rh5 Rg7 28.Bf5 Nh4 29.g6
Nxg6 30.Qb2 Nh4 31.Rh1 Qa5 32.Bc8 Qc5 33.Bxb7 Rg1+ {#R} 0-1

[Event "Ch World (seniors)"]
[Site "masterchessopen.com Gmunden (Austria)"]
[Date "2007.09.24"]
[Round "7"]
[White "Murey Jacob (ISR)"]
[Black "Pustina Ylvi (ALB)"]
[Result "1-0"]
[WhiteElo "2417"]
[BlackElo "2277"]

1.c4 Nf6 2.Nc3 g6 3.e4 d6 4.d4 Bg7 5.f3 e5 6.Nge2 O-O 7.Be3 c6 8.Qd2 Nbd7 9.d5
cxd5 10.cxd5 a6 11.g4 b5 12.Ng3 b4 13.Na4 a5 14.h4 Ne8 15.h5 Bf6 16.g5 Bg7
17.Qh2 f6 18.hxg6 hxg6 19.Qh7+ Kf7 20.Rh6 Rh8 21.Qxg6+ Kf8 22.Rxh8+ Bxh8
23.Qh7 Bg7 24.Nf5 fxg5 25.Nxg7 Nxg7 26.Qh8+ {#r} 1-0

[Event "Ch Russia (students) (open)"]
[Site "masterchessopen.com Novokuznetsk (Russia)"]
[Date "2007.10.25"]
[Round "4"]
[White "Bulushev Evgeny (RUS)"]
[Black "Vorobiov Dmitry (RUS)"]
[Result "1-0"]
[WhiteElo "2198"]
[BlackElo "2116"]

1.d4 Nf6 2.c4 g6 3.Nc3 Bg7 4.e4 O-O 5.Be3 d6 6.f3 e5 7.Nge2 c6 8.Qd2 Nbd7 9.d5
cxd5 10.cxd5 a5 11.Nc1 b6 12.Bb5 Ba6 13.Bxa6 Rxa6 14.O-O Nh5 15.Nd3 f5 16.Rab1
Nhf6 17.b4 fxe4 18.fxe4 Ng4 19.Bg5 Rxf1+ 20.Rxf1 Bf6 21.Bxf6 Ngxf6 22.Qe3 Nf8
23.Nb5 Ne8 24.a3 Qd7 25.Qf2 Qe7 26.Kh1 h6 27.h3 Kg7 28.Rc1 Qd7 29.Rc6 Qd8
30.Kg1 a4 31.Nb2 Nh7 32.Nc4 Ng5 33.Ncxd6 Nxd6 34.Nxd6 Ra7 35.Qxb6 Qxb6+
36.Rxb6 Rd7 37.b5 h5 38.Rc6 Kf8 39.h4 Nh7 40.Nc4 Rb7 41.b6 Ke8 {#r} 1-0

[Event "It (open) (b)"]
[Site "masterchessopen.com Voronezh (Russia)"]
[Date "2008.06.20"]
[Round "9"]
[White "Manukovsky Vladimir (RUS)"]
[Black "Petrova Olga (RUS)"]
[Result "0-1"]
[WhiteElo "2243"]
[BlackElo "2221"]

1.d4 Nf6 2.c4 g6 3.Nc3 Bg7 4.e4 O-O 5.f3 d6 6.Be3 e5 7.Nge2 c6 8.Qd2 Nbd7 9.d5
cxd5 10.cxd5 a6 11.Nc1 b5 12.h4 Nh5 13.Bd3 Bf6 14.Qf2 Nf4 15.g3 Nxd3+ 16.Nxd3
Bg7 17.h5 f6 18.hxg6 hxg6 19.O-O-O Rb8 20.Nb4 Qc7 21.Nc6 Rb7 22.Kb1 Nb8 23.Rc1
Nxc6 24.dxc6 Qxc6 25.Nd5 Qe8 26.Nc7 Qf7 27.Qh2 Rd8 28.Nxa6 Be6 29.Nb4 Ra8
30.a3 Bc4 31.Qh7+ Kf8 32.Bh6 Re8 33.Rcd1 Rd7 34.Rd2 Bxh6 35.Qxh6+ Qg7 36.Qe3
Rb8 37.Rhd1 Rbd8 38.Nc6 Rc8 39.Rxd6 Rxd6 40.Qc5 Rxc6 41.Qb4 Qe7 {#R} 0-1

[Event "Memorial Kochan (open)"]
[Site "masterchessopen.com Koszalin (Poland)"]
[Date "2008.08.07"]
[Round "4"]
[White "Shishkin Vadim (UKR)"]
[Black "Schmidt Wlodzimierz (POL)"]
[Result "1-0"]
[WhiteElo "2502"]
[BlackElo "2399"]

1.d4 Nf6 2.c4 g6 3.f3 Bg7 4.e4 d6 5.Nc3 O-O 6.Be3 e5 7.Nge2 c6 8.Qd2 Nbd7 9.d5
cxd5 10.cxd5 a6 11.g4 h5 12.g5 Nh7 13.Rg1 b5 14.Nc1 Nb6 15.b3 b4 16.Nd1 a5
17.a3 bxa3 18.Rxa3 Bd7 19.Rxa5 Qc7 20.Rxa8 Rxa8 21.Rg2 Bf8 22.Nd3 Be7 23.Qc1
Qxc1 24.Nxc1 Bd8 25.h4 f6 26.gxf6 Kf7 27.Ra2 Rxa2 28.Nxa2 Nc8 29.b4 Bxf6
30.Bf2 g5 31.b5 Bd8 32.Ndc3 Ba5 33.Be2 gxh4 34.Bxh4 Nf8 35.Kf1 Ng6 36.Bg5 Nf4
37.Bxf4 exf4 38.Na4 Kf6 39.Nc1 Ke5 40.Nd3+ Kd4 41.Nxf4 Ke3 42.Ne6 h4 43.Nb2
Nb6 44.Nd1+ Kd2 45.f4 h3 46.Nd4 h2 47.Nf3+ Kc1 48.Nxh2 Bd2 49.Nf2 Na4 50.Nf3
Be3 51.e5 Nc3 52.e6 Be8 53.Ng4 Bxf4 54.b6 {#r} 1-0

[Event "Ch Croatia (team) (1st league) (a)"]
[Site "masterchessopen.com Sibenik (Croatia)"]
[Date "2008.09.04"]
[Round "8"]
[White "Erdos Viktor (HUN)"]
[Black "Kozul Zdenko (CRO)"]
[Result "1-0"]
[WhiteElo "2577"]
[BlackElo "2593"]

1.d4 Nf6 2.c4 g6 3.Nc3 Bg7 4.e4 d6 5.f3 O-O 6.Be3 e5 7.Nge2 c6 8.Qd2 Nbd7 9.d5
cxd5 10.cxd5 Nb6 11.Ng3 Bd7 12.a4 Qb8 13.a5 Nc8 14.Bb5 Bxb5 15.Nxb5 a6 16.Na3
b5 17.axb6 Nxb6 18.O-O Rc8 19.Rfc1 Rxc1+ 20.Rxc1 a5 21.Rc6 Nfd7 22.Qc2 Bf8
23.Qb3 Nc8 24.Qxb8 Rxb8 25.Nc4 a4 26.Ne2 f5 27.Nc3 f4 28.Bf2 Ra8 29.Kf1 g5
30.Ke2 Nf6 31.Kd3 Ne8 32.Na3 Ne7 33.Rc4 Rb8 34.Nab5 Ng6 35.Rxa4 h5 36.b4 g4
37.Na7 g3 38.hxg3 fxg3 39.Bxg3 h4 40.Bh2 Rb7 41.Nc6 h3 42.g3 Rf7 43.Ke2 Ne7
44.b5 Nf6 45.Nd8 Rh7 46.Ne6 Bh6 47.Ra8+ Kf7 48.b6 {#r} 1-0

[Event "Olympiad (w)"]
[Site "masterchessopen.com Dresden (Germany)"]
[Date "2008.11.19"]
[Round "6"]
[White "Topel Zehra (TUR)"]
[Black "Ortiz Nadya Karolina (COL)"]
[Result "0-1"]
[WhiteElo "2214"]
[BlackElo "2230"]

1.d4 Nf6 2.c4 g6 3.Nc3 Bg7 4.e4 d6 5.f3 O-O 6.Be3 e5 7.Nge2 c6 8.Qd2 Nbd7 9.d5
cxd5 10.cxd5 a6 11.g4 h5 12.h3 b5 13.Nc1 b4 14.Na4 Rb8 15.b3 Nh7 16.Nd3 a5
17.g5 f6 18.gxf6 Qxf6 19.Be2 Ba6 20.O-O-O Bb5 21.Nab2 Rfc8+ 22.Kb1 Rc3 23.Nc1
Bxe2 24.Nxe2 Rbc8 25.Nc4 R3xc4 26.bxc4 Qxf3 27.Qd3 Nhf6 28.Rhg1 Kh7 29.Ng3 Nc5
30.Bxc5 Qxd3+ 31.Rxd3 Rxc5 32.h4 Rxc4 33.Rc1 Rxc1+ 34.Kxc1 Bh6+ 35.Kc2 Bf4
36.Rf3 Kg7 37.Kd3 Nd7 38.Kc4 Nc5 39.Ne2 Nxe4 40.Kb5 Bd2 41.Kc6 a4 42.Kb5 Nc3+
43.Nxc3 bxc3 44.Rf2 e4 {#R} 0-1

[Event "It (open)"]
[Site "masterchessopen.com Figueira da Foz (Portugal)"]
[Date "2008.12.06"]
[Round "8"]
[White "Dias Paulo (POR)"]
[Black "Martinho Filipe Mesquita Alves (POR)"]
[Result "1-0"]
[WhiteElo "2406"]
[BlackElo "1924"]

1.d4 Nf6 2.c4 g6 3.Nc3 Bg7 4.e4 d6 5.f3 O-O 6.Be3 e5 7.Nge2 c6 8.Qd2 Nbd7 9.d5
cxd5 10.cxd5 a6 11.g4 b5 12.Ng3 Qa5 13.h4 b4 14.Nd1 Nc5 15.Bh6 Bxg4 16.Bxg7
Kxg7 17.fxg4 Nxg4 18.Bh3 Nf6 19.Bg2 Kh8 20.O-O Ng8 21.Ne3 Qd8 22.h5 Qh4 23.Rf3
Nf6 24.hxg6 fxg6 25.Raf1 Rfd8 26.Rxf6 Qxg3 27.R1f3 Qh4 28.Qf2 Qxf2+ 29.Rxf2
Nd3 30.Rc2 Nf4 31.Rc7 Rac8 32.Rxd6 Rxc7 33.Rxd8+ Kg7 34.d6 Rf7 35.Nd5 Ne2+
36.Kh2 g5 37.d7 Kh6 38.Nf6 Rxf6 {#r} 1-0

[Event "Ch Udmurtia"]
[Site "masterchessopen.com Izhevsk (Russia)"]
[Date "2008.12.12"]
[Round "1"]
[White "Nelyubin Grigory (RUS)"]
[Black "Severiukhina Zoja (RUS)"]
[Result "1-0"]
[WhiteElo "2065"]
[BlackElo "2318"]

1.d4 Nf6 2.c4 g6 3.Nc3 Bg7 4.e4 d6 5.f3 O-O 6.Be3 e5 7.Nge2 c6 8.Qd2 Nbd7 9.d5
cxd5 10.cxd5 a6 11.g4 h5 12.h3 b5 13.Nc1 Bb7 14.Nb3 Rc8 15.Bd3 Nh7 16.Ke2 h4
17.Rhc1 Nc5 18.Nxc5 dxc5 19.b3 Bf6 20.a4 c4 21.bxc4 bxc4 22.Bc2 Qd7 23.Rcb1
Bd8 24.a5 Ba8 25.Na4 c3 26.Qd3 f5 27.Nb6 Bxb6 28.Rxb6 Qf7 29.gxf5 gxf5 30.exf5
Bxd5 31.Rg1+ Kh8 32.Kf2 Nf6 33.Rxf6 Qxf6 34.Qxd5 Rg8 35.Rg6 Rxg6 36.fxg6 Rd8
37.Qc4 {#r} 1-0

[Event "Cup Asian Club"]
[Site "masterchessopen.com Al Ain (United Arab Emirates)"]
[Date "2008.12.30"]
[Round "6"]
[White "Ihsan Jawad (PLE)"]
[Black "Atabayev Maksat (TKM)"]
[Result "0-1"]
[WhiteElo "2166"]
[BlackElo "2159"]

1.c4 Nf6 2.Nc3 g6 3.e4 d6 4.d4 Bg7 5.f3 O-O 6.Be3 e5 7.Nge2 c6 8.Qd2 Nbd7 9.d5
cxd5 10.cxd5 a6 11.a4 Qa5 12.Nc1 Nh5 13.b4 Qd8 14.Nd3 f5 15.Be2 Nf4 16.O-O
Nxe2+ 17.Qxe2 Nf6 18.a5 Bd7 19.Rfc1 Rc8 20.Nb2 fxe4 21.fxe4 Ng4 22.Bb6 Qh4
23.g3 Qh3 24.Ncd1 Rf2 {#R} 0-1

[Event "It (open) \"]
[Site "masterchessopen.com Moscow (Russia)"]
[Date "2009.02.17"]
[Round "1"]
[White "Tomashevsky Evgeny (RUS)"]
[Black "Chuprov Dmitry (RUS)"]
[Result "1-0"]
[WhiteElo "2689"]
[BlackElo "2550"]

1.d4 Nf6 2.c4 g6 3.Nc3 Bg7 4.e4 d6 5.f3 O-O 6.Be3 e5 7.Nge2 c6 8.Qd2 Nbd7 9.d5
cxd5 10.cxd5 a6 11.g4 h5 12.h3 b5 13.Bg5 Qa5 14.Nc1 Nc5 15.Bd3 b4 16.N3e2 Bd7
17.Ng3 Nh7 18.Be7 Rfe8 19.Bh4 hxg4 20.hxg4 Rec8 21.Be2 Ra7 22.O-O Qb6 23.Kg2
Rac7 24.Bd1 a5 25.Rg1 Bb5 26.Nh1 Qa6 27.Nf2 Nd7 28.Ne2 Qb6 29.Rc1 Rxc1 30.Nxc1
Qd4 31.Ncd3 Nb6 32.b3 Nd7 33.Be2 Rc3 34.Rd1 Bf6 35.Bxf6 Ndxf6 36.Qh6 Qb6
37.Rd2 Qb8 38.Nd1 Rc7 39.N3b2 Bxe2 40.Rxe2 Qc8 41.Nc4 Rxc4 42.bxc4 Qxc4 43.Qd2
Nd7 44.Qc2 Qa6 45.Nb2 Nc5 46.Qc4 Qb6 47.Nd3 Nxd3 48.Qxd3 Nf8 49.Qe3 Qc7 50.Kg3
Qc4 51.Rh2 Qc5 52.Qxc5 dxc5 53.Rc2 Nd7 54.Kf2 Kf8 55.Ke3 Ke7 56.Kd3 a4 57.Kc4
a3 58.Kb5 Kd6 59.g5 Kc7 60.Rh2 Kd6 61.Rh8 Kc7 62.Ra8 Kb7 63.Ra5 Kc7 64.Ra7+
Kd6 65.Rb7 {#r} 1-0

[Event "Bundesliga B Mitte 2008/09"]
[Site "masterchessopen.com Austria"]
[Date "2009.03.28"]
[Round "10"]
[White "Lenic Luka (SLO)"]
[Black "Kozul Zdenko (CRO)"]
[Result "1-0"]
[WhiteElo "2565"]
[BlackElo "2588"]

1.d4 Nf6 2.c4 g6 3.Nc3 Bg7 4.e4 d6 5.f3 O-O 6.Be3 e5 7.Nge2 c6 8.Qd2 Nbd7 9.d5
cxd5 10.cxd5 a6 11.Nc1 Nh5 12.Nd3 f5 13.O-O-O Nb6 14.b3 fxe4 15.fxe4 Bg4
16.Re1 Rc8 17.Kb1 Nd7 18.Rc1 Ndf6 19.Nf2 b5 20.Be2 Bd7 21.g3 Qa5 22.Ncd1 Rxc1+
23.Kxc1 Qd8 24.Kb1 Ne8 25.Nb2 Nhf6 26.Rc1 h5 27.Nbd3 a5 28.Ne1 b4 29.Nf3 Nh7
30.Qe1 Bf6 31.h4 Qb8 32.Nd2 Bd8 33.Nc4 Nef6 34.Qg1 Kh8 35.Qg2 Bb5 36.Bh6 Bxc4
37.Rxc4 Rf7 38.Nd3 Rc7 39.Nb2 Qc8 40.Bf3 Rxc4 41.Nxc4 Qd7 42.Bd2 Kg7 43.Kb2
Ng4 44.Qg1 g5 45.Bxg4 hxg4 46.h5 Kh6 47.Qe3 Kxh5 48.a3 bxa3+ 49.Kxa3 Kg6
50.Bxa5 Bxa5 51.Nxa5 Qb5 52.Nc4 Nf6 53.Kb2 Qa6 54.Qf2 Ne8 55.Qf5+ Kg7 56.Qxg5+
Kf8 57.Qf5+ Ke7 58.Qh7+ Kf8 59.Qf5+ Ke7 60.Qxg4 Qa7 61.Qg5+ Kf8 62.Qh6+ Kg8
63.Qe3 Qg7 64.b4 Qh8 65.Qg5+ Kf8 66.Qf5+ Ke7 67.Qe6+ Kf8 68.Nxd6 Qh2+ 69.Kb3
Qxg3+ 70.Kc4 Nxd6+ 71.Qxd6+ Kg7 72.Qe7+ Kg6 73.Qe6+ Kg7 74.d6 Qf4 75.Qd5 {#r}
1-0

[Event "Ch Russia (juniors) (under 14)"]
[Site "masterchessopen.com Dagomys (Russia)"]
[Round "8"]
[White "Kovalev Vitaly (RUS)"]
[Black "Toder Alexander (RUS)"]
[Result "0-1"]
[WhiteElo "1950"]
[BlackElo "1968"]

1.c4 Nf6 2.Nc3 g6 3.e4 d6 4.d4 Bg7 5.f3 O-O 6.Be3 e5 7.Nge2 c6 8.Qd2 Nbd7 9.d5
cxd5 10.cxd5 a6 11.Nc1 Nh5 12.Nd3 f5 13.Be2 Ndf6 14.O-O-O b5 15.Rhg1 fxe4
16.fxe4 a5 17.Bf3 b4 18.Ne2 Ng4 19.Bg5 Qc7+ 20.Kb1 h6 21.Rc1 Qa7 22.Rxc8 Raxc8
23.Bxg4 hxg5 24.Bxc8 Rxc8 25.Qxg5 Qa6 26.Qe3 Bh6 27.Qf3 Qc4 28.g4 Ng7 29.Rf1
b3 30.a3 Qc2+ 31.Ka1 Rc4 32.h4 Ra4 33.Nc3 Rxa3+ 34.bxa3 Bd2 35.Nb2 Bxc3 36.Rb1
Bxb2+ 37.Rxb2 Qc1+ 38.Rb1 Qxa3# 0-1

[Event "Ch Quebec (open)"]
[Site "masterchessopen.com Montreal (Canada)"]
[Date "2009.07.25"]
[Round "9"]
[White "Roussel-Roozmon Thomas (CAN)"]
[Black "Sambuev Bator (RUS)"]
[Result "1-0"]
[WhiteElo "2487"]
[BlackElo "2491"]

1.d4 Nf6 2.c4 g6 3.Nc3 Bg7 4.e4 O-O 5.Be3 d6 6.f3 e5 7.Nge2 c6 8.Qd2 Nbd7 9.d5
cxd5 10.cxd5 a6 11.g4 h5 12.g5 Ne8 13.Rg1 b5 14.Nc1 Nc5 15.b4 Na4 16.Nb3 Nxc3
17.Qxc3 Bd7 18.Be2 h4 19.Rc1 Rc8 20.Qd2 Kh7 21.Na5 Rxc1+ 22.Qxc1 f5 23.gxf6
Nxf6 24.Bg5 h3 25.Qe3 Qc7 26.Qc1 Qb8 27.Qe3 Nh5 28.Kd2 Rc8 29.Rc1 Rxc1 30.Kxc1
Nf4 31.Kd2 Bh6 32.Bxh6 Kxh6 33.Bf1 Qc7 34.a4 bxa4 35.Bxa6 a3 36.Bc4 Bb5
37.Bxb5 a2 38.Nb3 Qb8 39.Bf1 Qxb4+ 40.Kc2 Qxb3+ 41.Kxb3 a1=Q 42.Bxh3 Qd1+
43.Kb4 g5 44.Bf5 Qb1+ 45.Ka5 Nxd5 46.exd5 Qxf5 47.Kb5 Qf4 48.Qb6 e4 49.fxe4
Qxh2 50.Qd4 Qf4 51.Qh8+ Kg6 52.e5 dxe5 53.Qg8+ Kh5 54.d6 Qf1+ 55.Qc4 Qd1
56.Qf7+ Kh4 57.d7 Qd6 58.Qe8 Qd5+ 59.Kb6 Qd6+ 60.Kb7 Qd5+ 61.Kc7 Qc5+ 62.Kd8
Qd6 63.Qf7 Kg3 64.Ke8 Qc6 65.Ke7 Qc5+ 66.Ke6 Qc6+ 67.Kf5 Qf3+ 68.Kg6 Qd3+
69.Qf5 Qd6+ 70.Kf7 g4 71.Qe6 Qb8 72.Qe7 Qb3+ 73.Kg7 e4 74.d8=Q Qc3+ 75.Kh7 Qf3
76.Qh4+ {#r} 1-0

[Event "Zt"]
[Site "masterchessopen.com New Delhi (India)"]
[Date "2009.08.11"]
[Round "4"]
[White "Sriram Jha (IND)"]
[Black "Thipsay Praveen M (IND)"]
[Result "1-0"]
[WhiteElo "2459"]
[BlackElo "2446"]

1.d4 Nf6 2.c4 g6 3.Nc3 Bg7 4.e4 d6 5.f3 O-O 6.Be3 e5 7.Nge2 c6 8.Qd2 Nbd7 9.d5
cxd5 10.cxd5 a6 11.g4 h5 12.g5 Nh7 13.Rg1 f6 14.gxf6 Rxf6 15.Nc1 Ndf8 16.Be2
Bd7 17.Nd3 Rc8 18.O-O-O a5 19.Kb1 Kh8 20.Rc1 Be8 21.Rc2 b6 22.f4 exf4 23.Nxf4
b5 24.Nxb5 Rxc2 25.Qxc2 Bxb5 26.Bxb5 Rxf4 27.Bxf4 Qb6 28.Re1 Qxb5 29.Bxd6 Nd7
30.e5 Qxd5 31.Qxg6 Ndf8 32.Qxh5 Ne6 33.Qe8+ Nhf8 34.Bxf8 Bxf8 35.Qh5+ Kg8
36.Qd1 Qc4 37.Qe2 Qh4 38.Qe4 Qh5 39.a3 Bg7 40.Qa8+ Kh7 41.Qxa5 Qf5+ 42.Ka2 Nd4
43.Qd5 Qf2 44.Qe4+ Kh8 45.Rc1 Qf7+ 46.Kb1 Ne6 47.Rc8+ Bf8 48.Qh4+ Kg8 49.Qf6
Qd7 50.Qg6+ Kh8 51.Qh5+ Kg8 52.Qg4+ Kh8 {#r} 1-0

[Event "It (open) \"]
[Site "masterchessopen.com Nuernberg (Germany)"]
[Date "2009.09.06"]
[Round "7"]
[White "Zeitler Hans-Juergen (GER)"]
[Black "Saathoff Richard (GER)"]
[Result "0-1"]
[WhiteElo "2032"]
[BlackElo "2163"]

1.d4 Nf6 2.c4 g6 3.Nc3 Bg7 4.e4 d6 5.f3 O-O 6.Be3 e5 7.Nge2 c6 8.Qd2 Nbd7 9.d5
cxd5 10.cxd5 a6 11.O-O-O b5 12.Kb1 Nb6 13.Bxb6 Qxb6 14.Nc1 Bd7 15.Bd3 a5
16.Rdg1 Rfc8 17.g4 Be8 18.h4 b4 19.N3e2 Nd7 20.h5 Nc5 21.hxg6 fxg6 22.Qg5 Qd8
23.Qd2 Qb6 24.Rg2 Ra7 25.Rgh2 Bf8 26.f4 b3 27.axb3 Nxb3 28.Nxb3 Qxb3 29.Nc1
Qb6 30.f5 a4 31.fxg6 Bxg6 32.Qg5 Bg7 33.Rxh7 Bxh7 34.Rxh7 a3 35.Rh2 axb2
36.Rxb2 Qa5 37.Na2 Qe1+ 38.Nc1 Rxc1+ 39.Qxc1 Ra1+ {#R} 0-1

[Event "It (cat.5)"]
[Site "masterchessopen.com Donskoj (Russia)"]
[Date "2010.01.04"]
[Round "1"]
[White "Mazun Alexander (RUS)"]
[Black "Tishin Petr (RUS)"]
[Result "0-1"]
[WhiteElo "2267"]
[BlackElo "2400"]

1.d4 Nf6 2.c4 g6 3.Nc3 Bg7 4.e4 d6 5.f3 O-O 6.Be3 e5 7.Nge2 c6 8.Qd2 Nbd7 9.d5
cxd5 10.cxd5 a6 11.g4 h5 12.g5 Nh7 13.Rg1 b5 14.O-O-O Nb6 15.b3 Bd7 16.Kb2 b4
17.Nb1 a5 18.Rc1 Qb8 19.Bf2 Qa7 20.Qe3 Rfb8 21.Nd2 a4 22.Kc2 Bb5 23.Kd1 Qe7
24.Ng3 axb3 25.axb3 Bxf1 26.Ngxf1 Nf8 27.Qe2 Nfd7 28.Nc4 Nxc4 29.Qxc4 f6
30.gxf6 Qxf6 31.Ke2 Bh6 32.Rc2 Rf8 33.Qd3 Kh7 34.h4 Ra1 35.Rh1 Nc5 36.Bxc5
dxc5 37.Rh2 Rfa8 38.Kf2 Bf4 39.Rh3 Qd6 40.Ng3 Qd7 41.Kg2 Rg1+ {#R} 0-1

[Event "Tournament (open) (b)"]
[Site "masterchessopen.com Natal (Brazil)"]
[Round "8"]
[White "Xavier Lucca Lucas (BRA)"]
[Black "Fernandes Giorgio Lucio (BRA)"]
[Result "0-1"]
[WhiteElo "2015"]
[BlackElo "1977"]

1.d4 Nf6 2.c4 g6 3.Nc3 Bg7 4.e4 d6 5.f3 O-O 6.Be3 e5 7.Nge2 c6 8.Qd2 Nbd7 9.d5
cxd5 10.cxd5 a6 11.g4 b5 12.Ng3 Bb7 13.Bd3 Rc8 14.Rc1 Qa5 15.Kf2 b4 16.Nce2
Nc5 17.Bb1 Qb5 18.h4 a5 19.b3 Ba6 20.Rc4 Rc7 21.Rhc1 Qb7 22.Bxc5 Bxc4 23.Bxd6
Qb6+ 24.Qe3 Qxd6 25.bxc4 Qc5 26.Nf1 Nd7 27.Nd2 Qxe3+ 28.Kxe3 Nc5 29.Bc2 h5
30.gxh5 Bh6+ 31.f4 gxh5 32.Nb3 Nxb3 33.Bxb3 Kh7 34.d6 Rc5 35.Ba4 f5 36.Bb5
fxe4 37.Rd1 exf4+ 38.Kxe4 f3 39.Nd4 Rf4+ 40.Kd3 Rf6 41.d7 Rd6 42.Kc2 f2 43.Rf1
Rxd4 44.Rxf2 Rxb5 45.cxb5 Rxd7 46.Rf5 Kg6 47.Rc5 Be3 48.Re5 Rd2+ 49.Kb3 Bd4
50.Rg5+ Kh6 51.Rd5 Be3 52.Re5 Rd3+ 53.Kc2 Rc3+ 54.Kd1 b3 55.axb3 Rxb3 56.Re6+
Kg7 57.Kc2 a4 58.Re4 Bc5 59.Rxa4 Rxb5 60.Kd3 Be7 61.Ra7 Re5 62.Kd4 Kf6 63.Ra6+
Kf5 64.Ra8 Bf6 65.Kd3 Bxh4 {#R} 0-1